000 00869nam a2200277Ia 4500
003 OSt
005 20220928122047.0
006 a|||||r|||| 00| 0
007 ta
008 220927b |||||||| |||| 00| 0 eng d
020 _a9789390917082
_cIndian Rupees 850
024 _a146543
037 _bGift, 25/02/2022,
_cTextual
040 _aSDCL
_cSDCL
_beng
041 _2eng
_aeng
082 _aZ2,215, R1
100 _aMahawar Nutan Kapoor Ed.
245 0 _a1982 UNCLOS
_b Perspectives from the indian ocean
260 _aNew Delhi
_bVij Books
_c2021
300 _axiv,129p.
_ccm.
650 _aGift
_9391569
700 _a Pandey Pragya Ed.
_9440968
700 _a Sakhuja Vijay Ed.
_9455772
942 _hZ2,215, R1
_cTEXL
_2CC
999 _c769428
_d769428